000
00210 a2200097 4500
001
22573
100
_a
Pickthal, M M
245
_a
cultural Side of Islam
260
_a
_b
Sh Ashraf
_c
1966
090
_c
15232
_d
15232
942
_a
NUST-CAE
_c
M
_c
5817
999
_c
257646
_d
257646